[Event "XtraCon-Skakligaen"]
[Site "Denmark"]
[Date "2009.12.06"]
[Round "3.4"]
[White "Hansen, Bjarne"]
[Black "Baekgaard, Martin"]
[Result "1-0"]
[WhiteElo "2248"]
[BlackElo "2287"]
[PlyCount "53"]
[EventDate "2009.11.07"]
[EventType "team-tourn"]
[EventRounds "9"]
[WhiteTeam "SK1968"]
[BlackTeam "Jetsmark"]
[WhiteTeamCountry "DEN"]
[BlackTeamCountry "DEN"]

1. d4 d5 2. c4 c6 3. Nf3 Nf6 4. Nc3 dxc4 5. a4 Bf5 6. Ne5 Nbd7 7. Nxc4 Nd5 8.
g3 e5 9. Bg2 exd4 10. Qxd4 Qf6 11. Qxf6 N7xf6 12. Nxd5 cxd5 13. Ne3 Be4 14. O-O
Bc5 15. Bxe4 dxe4 16. Nf5 O-O 17. Bg5 Ng4 18. h3 Ne5 19. Rac1 Rfc8 20. Be7 Bb6
21. Nd6 Rxc1 22. Rxc1 e3 23. Nxb7 exf2+ 24. Kg2 Nd7 25. a5 Bd4 26. Rd1 Re8 27.
Ba3 1-0

[Event "XtraCon-Skakligaen"]
[Site "Denmark"]
[Date "2009.12.06"]
[Round "3.5"]
[White "Christensen, Stefan"]
[Black "Nielsen, Soren Holst"]
[Result "1-0"]
[WhiteElo "2228"]
[BlackElo "2214"]
[PlyCount "67"]
[EventDate "2009.11.07"]
[EventType "team-tourn"]
[EventRounds "9"]
[WhiteTeam "Jetsmark"]
[BlackTeam "SK1968"]
[WhiteTeamCountry "DEN"]
[BlackTeamCountry "DEN"]

1. e4 b6 2. d4 Bb7 3. Bd3 e6 4. Nf3 d6 5. O-O g6 6. Bg5 Qc8 7. Nc3 Bg7 8. Re1
Nd7 9. Qd2 h6 10. Be3 Ne7 11. a4 a6 12. Ne2 Nf6 13. Nc3 Nd7 14. h3 Kf8 15. Ne2
Kg8 16. Ng3 Kh7 17. h4 Nf6 18. e5 Nfd5 19. Bf4 Qd7 20. Ne4 Nxf4 21. Qxf4 Nd5
22. Qd2 a5 23. c3 Qe7 24. exd6 cxd6 25. h5 Rhf8 26. hxg6+ fxg6 27. Neg5+ hxg5
28. Rxe6 Qd7 29. Rxg6 Nf4 30. Rxg5+ Nxd3 31. Qxd3+ Kg8 32. Rh5 Qg4 33. Qh7+ Kf7
34. Rg5 1-0

[Event "XtraCon-Skakligaen"]
[Site "Denmark"]
[Date "2009.12.06"]
[Round "3.6"]
[White "Alkaersig, Ole"]
[Black "Wiwe, Andreas"]
[Result "1/2-1/2"]
[WhiteElo "2162"]
[BlackElo "2239"]
[PlyCount "59"]
[EventDate "2009.11.07"]
[EventType "team-tourn"]
[EventRounds "9"]
[WhiteTeam "SK1968"]
[BlackTeam "Jetsmark"]
[WhiteTeamCountry "DEN"]
[BlackTeamCountry "DEN"]

1. e4 c5 2. Nc3 d6 3. g3 g6 4. Bg2 Bg7 5. d3 Nc6 6. Be3 e5 7. Nh3 Nge7 8. O-O
O-O 9. f4 exf4 10. Nxf4 Ne5 11. Kh1 Rb8 12. Rb1 b5 13. a3 a5 14. Qd2 Ng4 15.
Bg1 b4 16. axb4 axb4 17. Ncd5 Nc6 18. c3 Ba6 19. Ra1 Bc8 20. d4 bxc3 21. bxc3
cxd4 22. cxd4 Kh8 23. h3 Nf6 24. Nxf6 Bxf6 25. Be3 Bg7 26. Nd5 Be6 27. Nf4 Bd7
28. Nd5 Be6 29. Nf4 Bd7 30. Nd5 1/2-1/2

[Event "XtraCon-Skakligaen"]
[Site "Denmark"]
[Date "2009.12.06"]
[Round "3.7"]
[White "Jensen, Bjarke"]
[Black "Danstrup, Niels"]
[Result "0-1"]
[WhiteElo "2253"]
[BlackElo "2129"]
[PlyCount "58"]
[EventDate "2009.11.07"]
[EventType "team-tourn"]
[EventRounds "9"]
[WhiteTeam "Jetsmark"]
[BlackTeam "SK1968"]
[WhiteTeamCountry "DEN"]
[BlackTeamCountry "DEN"]

1. e4 d6 2. d4 Nf6 3. Nc3 g6 4. f3 c6 5. Be3 Nbd7 6. a4 e5 7. Nge2 Bg7 8. a5
Qe7 9. Qd2 O-O 10. d5 cxd5 11. Nxd5 Nxd5 12. Qxd5 Nf6 13. Qd3 d5 14. exd5 e4
15. fxe4 Nxe4 16. Bd4 Bh6 17. Rd1 Re8 18. Qa3 Qc7 19. c3 Bg4 20. Qa4 Bf4 21.
Bg1 Nxc3 22. d6 Nxa4 23. dxc7 Bxc7 24. Rd4 Bxe2 25. Bxe2 Bxa5+ 26. Kf1 Nxb2 27.
Rd7 Rac8 28. Bd4 Rc1+ 29. Kf2 Rc2 0-1

[Event "XtraCon-Skakligaen"]
[Site "Denmark"]
[Date "2009.12.06"]
[Round "3.8"]
[White "Pedersen, Bjarne"]
[Black "Rathlev, Jakob"]
[Result "0-1"]
[WhiteElo "2113"]
[BlackElo "2237"]
[PlyCount "106"]
[EventDate "2009.11.07"]
[EventType "team-tourn"]
[EventRounds "9"]
[WhiteTeam "SK1968"]
[BlackTeam "Jetsmark"]
[WhiteTeamCountry "DEN"]
[BlackTeamCountry "DEN"]

1. d4 e6 2. c4 f5 3. Nc3 Nf6 4. Bg5 b6 5. e3 Bb7 6. f3 Bb4 7. Qc2 O-O 8. a3
Bxc3+ 9. Qxc3 Nc6 10. Nh3 h6 11. Bh4 Qe8 12. Bg3 d6 13. Bd3 Nh5 14. Bf2 e5 15.
d5 Ne7 16. g4 fxg4 17. fxg4 Bc8 18. Rg1 Nf6 19. Be2 Ne4 20. Qc2 Nxf2 21. Nxf2
c6 22. dxc6 Qxc6 23. Rc1 Be6 24. Ne4 Rac8 25. Nd2 d5 26. Qc3 Qd6 27. g5 hxg5
28. Rxg5 Rf5 29. Rg4 Rf6 30. Qd3 Bf5 31. e4 dxe4 32. Nxe4 Bxe4 33. Qxe4 Qc5 34.
Rg2 Rf4 35. Qb7 Rc7 36. Qa8+ Rf8 37. Qe4 Nf5 38. Rc3 Rd7 39. Bg4 Rd4 40. Qb7
Rf7 41. Qa8+ Rf8 42. Qxa7 Re4+ 43. Be2 Re3 44. Qd7 Rxc3 45. bxc3 Qxa3 46. Qe6+
Kh8 47. Qxe5 Qc1+ 48. Bd1 Rd8 49. Qxf5 Rxd1+ 50. Ke2 Qd2+ 51. Kf3 Rf1+ 52. Kg3
Qe3+ 53. Kg4 Rxf5 0-1

[Event "XtraCon-Skakligaen"]
[Site "Denmark"]
[Date "2009.12.06"]
[Round "3.2"]
[White "Aagaard, Jacob"]
[Black "Jorgensen, Brian Jorgen"]
[Result "1/2-1/2"]
[WhiteElo "2538"]
[BlackElo "2267"]
[PlyCount "45"]
[EventDate "2009.11.07"]
[EventType "team-tourn"]
[EventRounds "9"]
[WhiteTeam "Sydostfyn"]
[BlackTeam "Naestved"]
[WhiteTeamCountry "DEN"]
[BlackTeamCountry "DEN"]

1. e4 e6 2. d4 d5 3. Nc3 Nf6 4. e5 Nfd7 5. f4 c5 6. Nf3 Nc6 7. Be3 cxd4 8. Nxd4
Bc5 9. Qd2 O-O 10. O-O-O a6 11. Qf2 Bxd4 12. Bxd4 Nxd4 13. Qxd4 Qb6 14. Qd2 Qc7
15. Bd3 b5 16. Ne2 Rb8 17. Nd4 b4 18. Kb1 Nc5 19. Rhe1 f6 20. exf6 Rxf6 21. g3
Bd7 22. Re5 a5 23. c4 1/2-1/2

[Event "XtraCon-Skakligaen"]
[Site "Denmark"]
[Date "2009.12.06"]
[Round "3.4"]
[White "Borbjerggaard, Lars"]
[Black "Hansen, Evgenia Peicheva"]
[Result "1-0"]
[WhiteElo "2335"]
[BlackElo "2164"]
[PlyCount "77"]
[EventDate "2009.11.07"]
[EventType "team-tourn"]
[EventRounds "9"]
[WhiteTeam "Sydostfyn"]
[BlackTeam "Naestved"]
[WhiteTeamCountry "DEN"]
[BlackTeamCountry "DEN"]

1. d4 e6 2. Nf3 Nf6 3. c4 c5 4. d5 exd5 5. cxd5 d6 6. Nc3 g6 7. e4 Bg7 8. Be2
O-O 9. O-O a6 10. a4 Re8 11. Nd2 Nbd7 12. Qc2 h6 13. f4 Rb8 14. Nc4 Nb6 15. Ne3
Bd7 16. a5 Nc8 17. Kh1 Bb5 18. Nxb5 axb5 19. e5 dxe5 20. Bxb5 exf4 21. Nc4 g5
22. Bxe8 Qxe8 23. d6 Qe6 24. Qd3 Na7 25. Bd2 Ne4 26. Bc3 Nc6 27. Rae1 f5 28.
Nd2 Nf2+ 29. Kg1 Nxd3 30. Rxe6 Kf7 31. Re2 Nxb2 32. Bxg7 Kxg7 33. Rb1 Na4 34.
d7 Kf7 35. Re8 Rd8 36. Rxb7 Nc3 37. Rxd8 Nxd8 38. a6 Ke7 39. a7 1-0

[Event "XtraCon-Skakligaen"]
[Site "Denmark"]
[Date "2009.12.06"]
[Round "3.6"]
[White "Nohr, Finn"]
[Black "Hansen, Martin"]
[Result "1/2-1/2"]
[WhiteElo "2079"]
[BlackElo "2082"]
[PlyCount "69"]
[EventDate "2009.11.07"]
[EventType "team-tourn"]
[EventRounds "9"]
[WhiteTeam "Sydostfyn"]
[BlackTeam "Naestved"]
[WhiteTeamCountry "DEN"]
[BlackTeamCountry "DEN"]

1. e4 e5 2. Nf3 Nc6 3. Bb5 a6 4. Ba4 Nf6 5. O-O Be7 6. Re1 b5 7. Bb3 d6 8. c3
O-O 9. h3 Na5 10. Bc2 c5 11. d4 Qc7 12. Nbd2 cxd4 13. cxd4 Nc6 14. Nb3 a5 15.
Be3 a4 16. Nbd2 Be6 17. a3 Na5 18. Bd3 Nc4 19. Rc1 Qb8 20. Bxc4 Bxc4 21. Nxc4
bxc4 22. Bd2 d5 23. exd5 e4 24. Ne5 Qxb2 25. Nxc4 Qxd4 26. Bg5 Qxd5 27. Qxd5
Nxd5 28. Bxe7 Nxe7 29. Rxe4 Nd5 30. Rd4 Nc7 31. Nb6 Ra7 32. Rd7 Nb5 33. Rc4
Rxd7 34. Nxd7 Ra8 35. Nb6 1/2-1/2

[Event "XtraCon-Skakligaen"]
[Site "Denmark"]
[Date "2009.12.06"]
[Round "3.8"]
[White "Andersen, Arne"]
[Black "Norgaard, Kim"]
[Result "1-0"]
[WhiteElo "2075"]
[BlackElo "2084"]
[PlyCount "65"]
[EventDate "2009.11.07"]
[EventType "team-tourn"]
[EventRounds "9"]
[WhiteTeam "Sydostfyn"]
[BlackTeam "Naestved"]
[WhiteTeamCountry "DEN"]
[BlackTeamCountry "DEN"]

1. d4 d5 2. Nc3 Nf6 3. Bg5 Nbd7 4. f3 e6 5. e4 Be7 6. Qd2 h6 7. Be3 Nb6 8. Bd3
dxe4 9. fxe4 Ng4 10. Nf3 Nxe3 11. Qxe3 Bd7 12. a3 Na4 13. Nxa4 Bxa4 14. O-O O-O
15. b4 b6 16. c4 Bc6 17. Ra2 a5 18. b5 Bb7 19. a4 Bf6 20. e5 Bg5 21. Nxg5 Qxg5
22. Rf4 Rad8 23. Raf2 Rd7 24. d5 exd5 25. e6 Re7 26. Rxf7 Rfe8 27. Qf3 g6 28.
Rf8+ Rxf8 29. Qxf8+ Kh7 30. Rf7+ Rxf7 31. Qxf7+ Kh8 32. e7 Qe3+ 33. Kh1 1-0

[Event "XtraCon-Skakligaen"]
[Site "Denmark"]
[Date "2009.12.06"]
[Round "3.1"]
[White "Rasmussen, Karsten"]
[Black "Aabling Thomsen, Jakob"]
[Result "1-0"]
[WhiteElo "2429"]
[BlackElo "2312"]
[PlyCount "136"]
[EventDate "2009.11.07"]
[EventType "team-tourn"]
[EventRounds "9"]
[WhiteTeam "Aarhus/skolerne"]
[BlackTeam "Norresundby"]
[WhiteTeamCountry "DEN"]
[BlackTeamCountry "DEN"]

1. e4 c5 2. Nf3 e6 3. d4 cxd4 4. Nxd4 Nf6 5. Nc3 Nc6 6. Ndb5 Bb4 7. a3 Bxc3+ 8.
Nxc3 d5 9. exd5 exd5 10. Bd3 O-O 11. O-O h6 12. Bf4 Re8 13. Nb5 Ne5 14. Re1 Bg4
15. Be2 Bxe2 16. Rxe2 Qb6 17. a4 Nc6 18. Be3 Qd8 19. h3 d4 20. Bf4 Nd5 21. Bg3
Qf6 22. Nd6 Rxe2 23. Qxe2 Nf4 24. Bxf4 Qxf4 25. Nxb7 Rb8 26. Nc5 Qd6 27. Nd3
Nb4 28. b3 Rc8 29. Nxb4 Qxb4 30. Rd1 Qc5 31. Rd2 a5 32. Qe4 Rd8 33. Qd3 Qb4 34.
Re2 Qc5 35. Re4 g6 36. Qe2 Kg7 37. Re5 Qc3 38. Qd3 Qb4 39. h4 h5 40. Re4 Rd6
41. Qg3 Rd5 42. Re5 Rxe5 43. Qxe5+ Kg8 44. Qe2 Qc3 45. Kf1 Kh7 46. Qd3 Qc5 47.
Qe4 Qc3 48. Ke2 Kg7 49. g3 Kg8 50. Qd3 Qc5 51. Kd2 Qb4+ 52. Kd1 Qc5 53. Qb5 Qc3
54. Qd3 Qc5 55. f4 Qd5 56. Kc1 Qc5 57. Qc4 Qd6 58. Kd2 Qd7 59. Qc5 Qh3 60. Qxa5
Qxg3 61. Qd8+ Kh7 62. Qxd4 Qxh4 63. a5 Qh2+ 64. Kd3 Qg2 65. Qf6 Qd5+ 66. Ke2
Qxa5 67. Qxf7+ Kh6 68. Qf6 Qd5 1-0

[Event "XtraCon-Skakligaen"]
[Site "Denmark"]
[Date "2009.12.06"]
[Round "3.2"]
[White "Andreasen, Per Naesby"]
[Black "Sorensen, Jan"]
[Result "1/2-1/2"]
[WhiteElo "2230"]
[BlackElo "2423"]
[PlyCount "53"]
[EventDate "2009.11.07"]
[EventType "team-tourn"]
[EventRounds "9"]
[WhiteTeam "Norresundby"]
[BlackTeam "Aarhus/skolerne"]
[WhiteTeamCountry "DEN"]
[BlackTeamCountry "DEN"]

1. d4 e6 2. Nf3 f5 3. g3 Nf6 4. Bg2 d5 5. O-O Bd6 6. c4 c6 7. b3 Qe7 8. a4 a5
9. Ba3 Bxa3 10. Nxa3 O-O 11. Nc2 b6 12. Nce1 Bb7 13. Nd3 Na6 14. Rc1 Ne4 15.
Nfe5 c5 16. f3 Nf6 17. dxc5 bxc5 18. Qd2 Qc7 19. cxd5 exd5 20. Qg5 Rae8 21. f4
Ne4 22. Bxe4 fxe4 23. Nf2 Re6 24. Nfg4 d4 25. Nc4 Rg6 26. Qh5 Qd8 27. Nce5
1/2-1/2

[Event "XtraCon-Skakligaen"]
[Site "Denmark"]
[Date "2009.12.06"]
[Round "3.3"]
[White "Skytte, Rasmus"]
[Black "Jorgensen, Jorgen"]
[Result "1-0"]
[WhiteElo "2386"]
[BlackElo "2315"]
[PlyCount "55"]
[EventDate "2009.11.07"]
[EventType "team-tourn"]
[EventRounds "9"]
[WhiteTeam "Aarhus/skolerne"]
[BlackTeam "Norresundby"]
[WhiteTeamCountry "DEN"]
[BlackTeamCountry "DEN"]

1. c4 f5 2. d4 Nf6 3. Nc3 g6 4. h4 Bg7 5. h5 Nxh5 6. e4 fxe4 7. Rxh5 gxh5 8.
Qxh5+ Kf8 9. Qf5+ Kg8 10. Qxe4 e6 11. Nf3 d6 12. Bg5 Qf8 13. O-O-O Qf5 14. Qh4
h6 15. Bd8 Qf7 16. Bd3 Nc6 17. Ne4 Nxd8 18. Qxd8+ Qf8 19. Qxc7 d5 20. Nd6 Qf4+
21. Kb1 dxc4 22. Bxc4 Bf8 23. Ne5 Bxd6 24. Qxd6 Qf6 25. Rd3 Qf5 26. Qd8+ Kg7
27. Qe7+ Kg8 28. Ka1 1-0

[Event "XtraCon-Skakligaen"]
[Site "Denmark"]
[Date "2009.12.06"]
[Round "3.4"]
[White "Sorensen, Bent"]
[Black "Jacobsen, Bo"]
[Result "1/2-1/2"]
[WhiteElo "2240"]
[BlackElo "2306"]
[PlyCount "52"]
[EventDate "2009.11.07"]
[EventType "team-tourn"]
[EventRounds "9"]
[WhiteTeam "Norresundby"]
[BlackTeam "Aarhus/skolerne"]
[WhiteTeamCountry "DEN"]
[BlackTeamCountry "DEN"]

1. Nf3 g6 2. c4 Bg7 3. Nc3 d6 4. g3 e5 5. Bg2 c5 6. O-O Nc6 7. d3 Nge7 8. a3
O-O 9. Rb1 a5 10. Ne1 Be6 11. Nd5 Rb8 12. Bd2 b5 13. b4 axb4 14. axb4 bxc4 15.
dxc4 Bxd5 16. cxd5 Nxb4 17. Bxb4 Rxb4 18. Rxb4 cxb4 19. Qa4 Qb6 20. Nd3 Rb8 21.
Rb1 b3 22. e4 Bh6 23. Bf3 f5 24. Bd1 fxe4 25. Qxe4 Qa5 26. Rxb3 Rxb3 1/2-1/2

[Event "XtraCon-Skakligaen"]
[Site "Denmark"]
[Date "2009.12.06"]
[Round "3.5"]
[White "Christensen, Tobias"]
[Black "Kolbak, Jens"]
[Result "1-0"]
[WhiteElo "2352"]
[BlackElo "2344"]
[PlyCount "167"]
[EventDate "2009.11.07"]
[EventType "team-tourn"]
[EventRounds "9"]
[WhiteTeam "Aarhus/skolerne"]
[BlackTeam "Norresundby"]
[WhiteTeamCountry "DEN"]
[BlackTeamCountry "DEN"]

1. e4 c6 2. d4 d5 3. Nc3 dxe4 4. Nxe4 Nf6 5. Nxf6+ exf6 6. Bc4 Bd6 7. Qe2+ Be7
8. Be3 O-O 9. O-O-O Bd6 10. h4 Qc7 11. Nh3 Nd7 12. Qh5 Nb6 13. Bd3 f5 14. Qf3
Nd5 15. Bxf5 Bxf5 16. Qxf5 Qa5 17. h5 g6 18. hxg6 hxg6 19. Qd3 Qxa2 20. c3 Rfe8
21. Kc2 Nxe3+ 22. fxe3 Qd5 23. Rd2 a5 24. Rf1 a4 25. c4 Qh5 26. c5 Bc7 27. Rdf2
Re7 28. Qc4 Rf8 29. Nf4 Qg4 30. Qxa4 Rxe3 31. Nd3 Re2+ 32. Kc3 Rxf2 33. Rxf2
Qe4 34. Qc4 Kg7 35. Kd2 Bd8 36. Re2 Bg5+ 37. Kd1 Be3 38. Qc3 Re8 39. d5+ Kg8
40. d6 Qf5 41. Kc2 Re4 42. b3 Qe6 43. Qe1 f5 44. Qg3 f4 45. Qg5 Kf7 46. d7 Qxd7
47. Ne5+ Rxe5 48. Qxe5 Qe6 49. Qxe6+ Kxe6 50. Kd3 Kd5 51. b4 g5 52. Ra2 b6 53.
cxb6 Bxb6 54. Ra8 g4 55. Rg8 g3 56. Rg5+ Ke6 57. Ke4 Bc7 58. Rg6+ Kd7 59. Rg7+
Kc8 60. Rf7 Kb7 61. Kd4 Kb6 62. Kc4 Bd6 63. Rf6 Kc7 64. Rf7+ Kb6 65. Rg7 Be5
66. Rg5 Bd6 67. b5 cxb5+ 68. Rxb5+ Kc6 69. Rf5 Kd7 70. Kd5 Ke7 71. Ke4 Ke6 72.
Ra5 Bb8 73. Ra8 Bd6 74. Ra6 Kd7 75. Rxd6+ Kxd6 76. Kxf4 Ke6 77. Kxg3 Kf5 78.
Kh4 Kg6 79. Kg4 Kh6 80. Kf5 Kh7 81. Kf6 Kg8 82. g4 Kf8 83. g5 Kg8 84. Kg6 1-0

[Event "XtraCon-Skakligaen"]
[Site "Denmark"]
[Date "2009.12.06"]
[Round "3.6"]
[White "Pedersen, Svend"]
[Black "Boe, Mads"]
[Result "1/2-1/2"]
[WhiteElo "2253"]
[BlackElo "2326"]
[PlyCount "61"]
[EventDate "2009.11.07"]
[EventType "team-tourn"]
[EventRounds "9"]
[WhiteTeam "Norresundby"]
[BlackTeam "Aarhus/skolerne"]
[WhiteTeamCountry "DEN"]
[BlackTeamCountry "DEN"]

1. e4 e5 2. Nc3 Nf6 3. f4 d5 4. fxe5 Nxe4 5. Nf3 Bc5 6. d4 Bb4 7. Bd2 Bg4 8.
Be2 Nc6 9. O-O O-O 10. a3 Be7 11. Qe1 f5 12. exf6 Bxf6 13. Ne5 Bxe2 14. Nxc6
bxc6 15. Nxe2 c5 16. Be3 Re8 17. Rd1 c6 18. c3 Qe7 19. dxc5 Nxc5 20. Rf3 Ne6
21. Qf1 Qc7 22. Ng3 Rf8 23. Nf5 Rae8 24. c4 Rd8 25. cxd5 cxd5 26. Qb5 d4 27.
Bf4 Qc5 28. Qxc5 Nxc5 29. Bd6 Rxd6 30. Nxd6 Rd8 31. b4 1/2-1/2

[Event "XtraCon-Skakligaen"]
[Site "Denmark"]
[Date "2009.12.06"]
[Round "3.7"]
[White "Pedersen, Finn"]
[Black "Christiansen, Jens Jorgen"]
[Result "1-0"]
[WhiteElo "2334"]
[BlackElo "2197"]
[PlyCount "68"]
[EventDate "2009.11.07"]
[EventType "team-tourn"]
[EventRounds "9"]
[WhiteTeam "Aarhus/skolerne"]
[BlackTeam "Norresundby"]
[WhiteTeamCountry "DEN"]
[BlackTeamCountry "DEN"]

1. e4 Nf6 2. d3 e5 3. Nf3 Nc6 4. Bg5 Be7 5. Nc3 d6 6. h3 Be6 7. d4 exd4 8. Nxd4
Nxd4 9. Qxd4 O-O 10. O-O-O c5 11. Qd2 Qa5 12. a3 Rab8 13. f4 b5 14. Bxf6 Bxf6
15. Nd5 Qxd2+ 16. Rxd2 Bxd5 17. Rxd5 Rfe8 18. e5 dxe5 19. Rxc5 exf4 20. Bxb5
Bxb2+ 21. Kxb2 a6 22. a4 f6 23. Kc3 axb5 24. axb5 Re2 25. Rg1 f3 26. gxf3 Re3+
27. Kb4 Rxf3 28. Rh1 g5 29. c4 f5 30. Rc7 h5 31. h4 g4 32. Re1 f4 33. Re5 Re3
34. Rg5+ Kh8 1-0

[Event "XtraCon-Skakligaen"]
[Site "Denmark"]
[Date "2009.12.06"]
[Round "3.8"]
[White "Nielsen, John Bauneborg"]
[Black "Rewitz, Poul"]
[Result "0-1"]
[WhiteElo "2171"]
[BlackElo "2298"]
[PlyCount "78"]
[EventDate "2009.11.07"]
[EventType "team-tourn"]
[EventRounds "9"]
[WhiteTeam "Norresundby"]
[BlackTeam "Aarhus/skolerne"]
[WhiteTeamCountry "DEN"]
[BlackTeamCountry "DEN"]

1. d4 d5 2. Nf3 Nf6 3. e3 c6 4. Bd3 Bg4 5. Nbd2 Nbd7 6. h3 Bh5 7. O-O e6 8. Re1
Bd6 9. c4 O-O 10. e4 dxe4 11. Nxe4 Nxe4 12. Bxe4 Qc7 13. Bxh7+ Kh8 14. Bc2 Rfd8
15. g4 Bg6 16. Bxg6 fxg6 17. Ng5 Nf8 18. Qf3 Bh2+ 19. Kg2 Rxd4 20. Be3 Rxc4 21.
Qe2 Ra4 22. Bc5 Bf4 23. Nxe6 Nxe6 24. Qxe6 b6 25. Be3 Rf8 26. Qxg6 Bxe3 27.
Rxe3 Qf4 28. Qc2 Rc4 29. Qe2 Qf7 30. Rd1 Rf4 31. Rd2 Qxa2 32. Qd3 Qf7 33. Qe2
c5 34. Re5 Rf3 35. Rh5+ Kg8 36. Rhd5 Qf6 37. Qe1 Qh6 38. Qe7 Qxh3+ 39. Kg1 Rg3+
0-1

[Event "XtraCon-Skakligaen"]
[Site "Denmark"]
[Date "2009.12.06"]
[Round "3.1"]
[White "Hillarp Persson, Tiger"]
[Black "Hector, Jonny"]
[Result "0-1"]
[WhiteElo "2576"]
[BlackElo "2572"]
[PlyCount "80"]
[EventDate "2009.11.07"]
[EventType "team-tourn"]
[EventRounds "9"]
[WhiteTeam "Bronshoj"]
[BlackTeam "Nordkalotten"]
[WhiteTeamCountry "DEN"]
[BlackTeamCountry "DEN"]

1. d4 d5 2. c4 c6 3. Nf3 Nf6 4. e3 Bf5 5. cxd5 cxd5 6. Qb3 Qc7 7. Bb5+ Nc6 8.
Bd2 e6 9. O-O Bd6 10. Bb4 O-O 11. Bxc6 Bxb4 12. Qxb4 Qxc6 13. Ne5 Qc7 14. Nc3
Rfc8 15. Rac1 a5 16. Qa3 h6 17. f3 b5 18. Ne2 b4 19. Qa4 Bc2 20. b3 Qb7 21. Kf2
Rc7 22. g4 Rac8 23. h4 Ne8 24. g5 h5 25. Nf4 Nd6 26. Rce1 Nb5 27. Qxa5 Nxd4 28.
a3 Nxb3 29. Qxb4 Qa6 30. Nxh5 d4 31. Nf6+ gxf6 32. gxf6 Rb7 33. Rg1+ Bg6 34. h5
Rxb4 35. hxg6 dxe3+ 36. Rxe3 Rc2+ 37. Kg3 Rb7 38. Rxb3 Rxb3 39. gxf7+ Kf8 40.
Rd1 Rxf3+ 0-1

[Event "XtraCon-Skakligaen"]
[Site "Denmark"]
[Date "2009.12.06"]
[Round "3.2"]
[White "Brynell, Stellan"]
[Black "Bromann, Thorbjorn"]
[Result "1-0"]
[WhiteElo "2472"]
[BlackElo "2434"]
[PlyCount "85"]
[EventDate "2009.11.07"]
[EventType "team-tourn"]
[EventRounds "9"]
[WhiteTeam "Nordkalotten"]
[BlackTeam "Bronshoj"]
[WhiteTeamCountry "DEN"]
[BlackTeamCountry "DEN"]

1. d4 d5 2. c4 c6 3. Nf3 Nf6 4. Nc3 a6 5. c5 Nbd7 6. Bf4 Nh5 7. Qd2 b6 8. e4
Nxf4 9. Qxf4 e6 10. exd5 cxd5 11. b4 bxc5 12. bxc5 Be7 13. Bd3 Bf6 14. Rc1 O-O
15. O-O Qa5 16. c6 Nb8 17. Ne2 Qxa2 18. Ng3 Qa3 19. Bb1 Qe7 20. Nh5 h6 21. h4
a5 22. Rfe1 Na6 23. g3 Nb4 24. Nh2 Bxd4 25. Qxd4 f6 26. Qg4 e5 27. Qg6 e4 28.
Ng4 Bxg4 29. Qxg4 f5 30. Qd1 Rac8 31. Nf4 Rfd8 32. Qa4 g5 33. hxg5 hxg5 34. Ng2
Rd6 35. Qxa5 Rh6 36. Ba2 Qh7 37. Bxd5+ Nxd5 38. Qxd5+ Kh8 39. Kf1 Rh1+ 40. Ke2
Rh2 41. Qe5+ Qg7 42. Qxg7+ Kxg7 43. Ne3 1-0

[Event "XtraCon-Skakligaen"]
[Site "Denmark"]
[Date "2009.12.06"]
[Round "3.3"]
[White "Hoi, Carsten"]
[Black "Hove, Esben Kjems"]
[Result "1-0"]
[WhiteElo "2393"]
[BlackElo "2269"]
[PlyCount "95"]
[EventDate "2009.11.07"]
[EventType "team-tourn"]
[EventRounds "9"]
[WhiteTeam "Bronshoj"]
[BlackTeam "Nordkalotten"]
[WhiteTeamCountry "DEN"]
[BlackTeamCountry "DEN"]

1. Nf3 Nf6 2. c4 c6 3. e3 d5 4. Nc3 e6 5. b3 Bd6 6. Bb2 O-O 7. Be2 Nbd7 8. O-O
Re8 9. d4 b6 10. Qc2 Bb7 11. Rfd1 Rc8 12. Rac1 c5 13. cxd5 Nxd5 14. Ne4 Be7 15.
Qb1 cxd4 16. Nxd4 Rxc1 17. Rxc1 Nc5 18. Nxc5 Bxc5 19. Bb5 Rf8 20. Bc6 Bxc6 21.
Nxc6 Qa8 22. Nd4 Ne7 23. Nf3 a5 24. h3 f6 25. a3 e5 26. Nd2 Qd5 27. Qc2 Rc8 28.
Qc4 Qxc4 29. Nxc4 Rd8 30. Kf1 Nc6 31. Ke2 Kf7 32. Nxb6 Bxb6 33. Rxc6 Rb8 34.
Kd3 Ke7 35. b4 axb4 36. axb4 Kd7 37. b5 Bc7 38. Kc4 Ra8 39. Ra6 Rc8 40. Kd5 Bb8
41. Rc6 Rd8 42. Ba3 Re8 43. Bd6 Bxd6 44. Rxd6+ Kc7 45. b6+ Kb7 46. Rd7+ Kxb6
47. Rxg7 h5 48. Rf7 1-0

[Event "XtraCon-Skakligaen"]
[Site "Denmark"]
[Date "2009.12.06"]
[Round "3.4"]
[White "Kristensen, Kaare Hove"]
[Black "Carstensen, Jacob"]
[Result "1-0"]
[WhiteElo "2258"]
[BlackElo "2317"]
[PlyCount "74"]
[EventDate "2009.11.07"]
[EventType "team-tourn"]
[EventRounds "9"]
[WhiteTeam "Nordkalotten"]
[BlackTeam "Bronshoj"]
[WhiteTeamCountry "DEN"]
[BlackTeamCountry "DEN"]

1. e4 c5 2. Nf3 e6 3. b4 cxb4 4. d4 Nf6 5. Bd3 Nc6 6. O-O Be7 7. Re1 d6 8. a3
O-O 9. d5 Ne5 10. axb4 exd5 11. exd5 Nxd5 12. Bxh7+ Kxh7 13. Qxd5 Bf6 14. Ra3
Qc7 15. Nc3 Be6 16. Qe4+ Kg8 17. Nd4 d5 18. Qf4 Rfe8 19. Ncb5 Qb8 20. Rg3 Kf8
21. Nxe6+ Rxe6 22. Nd4 Re7 23. Qf5 Nc6 24. Ne2 Nd4 25. Qh5 g6 26. Qh6+ Bg7 27.
Qd2 Qe8 28. Kf1 Nf5 29. Rh3 Rc8 30. b5 Kg8 31. Ba3 Re4 32. Rd3 d4 33. Rb3 Qe6
34. Rbb1 Re8 35. Ng3 Qc4+ 36. Qd3 Nxg3+ 37. hxg3 Qd5 1-0

[Event "XtraCon-Skakligaen"]
[Site "Denmark"]
[Date "2009.12.06"]
[Round "3.5"]
[White "Brinck Claussen, Bjorn"]
[Black "Nielsen, Lars Aaes"]
[Result "0-1"]
[WhiteElo "2300"]
[BlackElo "2248"]
[PlyCount "68"]
[EventDate "2009.11.07"]
[EventType "team-tourn"]
[EventRounds "9"]
[WhiteTeam "Bronshoj"]
[BlackTeam "Nordkalotten"]
[WhiteTeamCountry "DEN"]
[BlackTeamCountry "DEN"]

1. e4 e6 2. d4 d5 3. Nc3 Bb4 4. e5 b6 5. Qg4 Bf8 6. Bg5 Qd7 7. Bb5 Nc6 8. O-O-O
a6 9. Be2 b5 10. f4 b4 11. Nb1 Nge7 12. Bxe7 Nxe7 13. Qf3 h5 14. Nd2 Nf5 15.
Nb3 a5 16. Qf2 Ba6 17. Bxa6 Rxa6 18. Nf3 Qb5 19. Kb1 a4 20. Nc1 c5 21. Ne2 c4
22. Ng3 g6 23. Nxf5 gxf5 24. Rhe1 b3 25. Re3 Rb6 26. cxb3 axb3 27. a3 Kd7 28.
Nd2 Bxa3 29. bxa3 Ra8 30. Kc1 Rxa3 31. Nb1 Ra2 32. Rd2 Ra1 33. Kb2 Qa5 34. Qe1
c3+ 0-1

[Event "XtraCon-Skakligaen"]
[Site "Denmark"]
[Date "2009.12.06"]
[Round "3.6"]
[White "Jakobsen, Peter"]
[Black "Palm, Nikolaj"]
[Result "1-0"]
[WhiteElo "2225"]
[BlackElo "2276"]
[PlyCount "87"]
[EventDate "2009.11.07"]
[EventType "team-tourn"]
[EventRounds "9"]
[WhiteTeam "Nordkalotten"]
[BlackTeam "Bronshoj"]
[WhiteTeamCountry "DEN"]
[BlackTeamCountry "DEN"]

1. e4 e5 2. Nf3 Nc6 3. Bb5 a6 4. Ba4 Nf6 5. O-O Be7 6. Re1 b5 7. Bb3 d6 8. c3
O-O 9. h3 Na5 10. Bc2 c5 11. d4 Qc7 12. Nbd2 Re8 13. Nf1 cxd4 14. cxd4 Nc6 15.
b3 Bb7 16. Bb2 Bf8 17. Rc1 Qb6 18. Qd2 a5 19. Bb1 g6 20. Ng3 Bg7 21. d5 Ne7 22.
a3 Nd7 23. b4 axb4 24. axb4 Rec8 25. Bd3 Ba6 26. Rxc8+ Rxc8 27. Rc1 Qb7 28. Qe2
Bh6 29. Ra1 Nb8 30. Ra5 Qb6 31. Bxb5 Bb7 32. h4 Bf4 33. Nf1 f5 34. Ng5 Bxg5 35.
hxg5 fxe4 36. Ng3 Bxd5 37. Nxe4 Bxe4 38. Qxe4 Nbc6 39. Bc4+ Kg7 40. Rb5 Qa7 41.
Qe3 Nd4 42. Rxe5 Nef5 43. Rxf5 Rxc4 44. Rf4 1-0